| 000 | 01166cad a22002055a 4500 | ||
|---|---|---|---|
| 001 | L157354 | ||
| 008 | 121030e20121026xxk 000 0 eng d | ||
| 035 | _a(Sirsi) u157354 | ||
| 041 | 0 | _aeng | |
| 110 | 2 |
_aLand Registry _95885 |
|
| 245 | 0 | 0 |
_aSeptember market trend data from Land Registry _h[electronic resource] |
| 260 | _c2012 | ||
| 490 |
_aLand Registry Press Release _vPR17/12 26 October 2012 |
||
| 520 | _aMarket trend data includes Land Registry House Price Index, Transactions and Price Paid September 2012. House prices decreased by 0.3% between August and September 2012. Average house price in England and Wales now at £162 561. There were over 1 000 000 transactions with South East the top region. The Price Paid Data includes details of over 60 400 residential property sales in England and Wales that were lodged for registration in September 2012. | ||
| 590 | _aKA NTK | ||
| 651 | 4 |
_aEngland and Wales _y1543- |
|
| 690 |
_aResidential property _96266 |
||
| 856 | 4 | 0 |
_uhttps://www.landregistry.gov.uk/media/all-releases/press-releases/2012/market-trend-data-september-2012 _zView this item free of charge at www.landregistry.gov.uk |
| 942 | _n0 | ||
| 999 |
_c114734 _d114734 |
||